Old School RuneScape (OSRS) Raid Bosses by Picture - Statistics

General Stats
  • This quiz has been taken 27 times
  • The average score is 13 of 18
Answer Stats
Picture Answer % Correct
Akkha
88%
Ba-Ba
88%
Great Olm
88%
Pestilent Bloat
88%
Tekton
82%
Kephri
76%
The Maiden of Sugadinti
76%
Zebak
76%
Muttadile
71%
Verzik Vitur
71%
Vespula
71%
Vanguard
65%
Xarpus
65%
Nylocas Vasilias
59%
Elidinis' Warden
53%
Tumeken's Warden
53%
Vasa Nistirio
53%
Sotetseg
47%
No matching quizzes found
Score Distribution
Percent of People with Each Score
Percentile by Number Answered
Your Score History
You have not taken this quiz